Регионална библиотека "Любен Каравелов" - Русе

Висша математика (Запис номер 59342)

MARC детайли
000 -Лидер
Контролно поле с фиксирана дължина nam a22 a 4500
003 - Код на организацията, давaща контролен номер
Контролно поле BLK
005 - Дата и час на последна редакция
Контролно поле 20221025140017.0
008 - Елементи от данни с фиксирана дължина
fixed length control field 180408b bul|||||r ||||||| ||bul||
040 ## - Източник на каталожния запис
Идентификатор на билиотеката - собственик на записа BLK
041 ## - Код за език
Код за езика на текст/звукозапис или на отделно заглавие Български
Код за езика КДБФ Български
080 ## - УДК
Текстов определител УДК Математика
УДК код - определител по УДК 51
УДК определител (075.8)
УДК - код + определител 51(075.8)
080 ## - УДК
Текстов определител УДК Диференциално смятане. Диференциране. Вж и 517.5
УДК код - определител по УДК 517.2
УДК определител (075.8)
УДК - код + определител 517.2(075.8)
080 ## - УДК
Текстов определител УДК Интегрално смятане. Интегриране. Вж и 517.5
УДК код - определител по УДК 517.3
УДК определител (075.8)
УДК - код + определител 517.3(075.8)
100 1# - Редна дума - Автор
Автор Тотов, Георги Н.
Авторска отговорност първи автор
R(LIN) 288919
139 ## - Редно поле
Редна дума Тотов, Георги Н.
Авторски знак Тор - Т 75
245 10 - Сведения за заглавието
Заглавие Висша математика
Подзаглавни данни Учебник за студентите от ВИАС : Ч. 1 -
Редно поле (дума) Георги Н. Тотов.
Том Ч. 2
Заглавие на том Диференциално и интегрално смятане
257 ## - Страна на издаване
Страна на създаване/издаване България
260 ## - Област на издателските данни
Място на издаване, разпространение и проч. София
Име на издателя, разпространителя и проч. Техника
Година на издаване 1976 -
300 ## - Физическа характеристика
Размери/Мащаб 22 см
380 ## - Жанр
Жанр Естествени науки. Математика
650 #4 - Допълнително описание по предмет – тема
Основно описание – тема или топоним Математика, висша - учебници за ВУЗ
9 (RLIN) 247603
650 #4 - Допълнително описание по предмет – тема
Основно описание – тема или топоним Диференциално смятане
9 (RLIN) 153554
650 #4 - Допълнително описание по предмет – тема
Основно описание – тема или топоним Интегрално смятане - учебници за ВУЗ
9 (RLIN) 245137
760 1# - Описание на основната серия
Редна дума на основното описание Тотов, Георги Н.
Място на издаване, издател и година 1979
Страници - том 384 с. : с черт.
Заглавие Ч. 2 Диференциално и интегрално смятане
852 ## - Местоположение
Форматна сигнатура Цб 83498
Фондова буква Фонд "Михаил Арнаудов"
856 4# - Електронен адрес и достъп
Електронен формат pdf - файл
Инструкция (цена за достъп) 0.00
Права за достъп disable
856 4# - Електронен адрес и достъп
Електронен формат pdf - файл
Инструкция (цена за достъп) 0.00
Права за достъп disable
999 ## - СИСТЕМНИ КОНТРОЛНИ НОМЕРА
Koha biblionumber 59342
Koha biblioitemnumber 59342
942 ## - АРТИКУЛИ
Вид на библиотечния материал Книги
Скрит в OPAC Не
Периодичен библиозапис Да
944 ## - СЪЗДАВАНЕ И РЕДАКЦИЯ на ЗАПИСА
Създаване/Редакция Създаване
Дата на регистрацията/редакция 13.06.2004
Служител, извършил регистрацията/редакцията Читалня
944 ## - СЪЗДАВАНЕ И РЕДАКЦИЯ на ЗАПИСА
Създаване/Редакция Редакция
Дата на регистрацията/редакция 08.10.2015
Служител, извършил регистрацията/редакцията Геновева_Генчева
999 ## - СИСТЕМНИ КОНТРОЛНИ НОМЕРА
Koha biblioitemnumber 59342
Наличности
Код за отписване Код за изгубен артикул Източник на класификационната схема Код за повреда Коз за рестрикции Код за отдаване Артикулен № Име на библиотеката - собственик Име на библиотеката, в която се намира в момента Статус (Текущо местоположение) Дата на вписване в системата Местоположение - отдел Цена в лева Инвентарен номер Систематично азбучна сигнатура Баркод Номер на екземпляра Цена в евро Служебна бележка Служебен тип на артикула
Изтеглен Не е изгубен Universal Decimal Classification Не е повреден без рестрикции ползва се в читалня 96858 Регионална библиотека "Любен Каравелов" Русе Регионална библиотека "Любен Каравелов" Русе Читалня 1993-01-01 Читалня 1.62 280450 Ч 51/Т 75 280450 1 0.83 Дата инв: 15.03.2017 Бележки инв: Ч2017 Книги
  Не е изгубен Universal Decimal Classification Не е повреден само за читалня ползва се в читалня 96859 Регионална библиотека "Любен Каравелов" Русе Регионална библиотека "Любен Каравелов" Русе Хранилище 1979-01-01 Хранилище 1.62 276941 Цб 83498 120000276941 2 0.83 Дост: Dp Вид: Д N: стар фонд Дата: 01.01.1979 Книги
Vip Innovations Ltd, Rousse, Bulgaria 2025